01285 2200205 4500001002100000005001500021008004100036035002000077082000800097084001400105100000900119245007700128250000600205260003800211300001200249520078400261650001001045990001201055990001201067INLIS00000000000093020240531103634240531 1 ind  a0010-0524000165 a813 a813 ARY h aAryn1 aHer; Kau Hanya Perlu Percaya Padaku dan Kita Akan Baik-Baik Saja /cAryn a1 aYogyakarta :bSheila/ Andi,c2015 a346 hlm aKarena suatu hal, Jo Tae-Hyun harus rela menghabiskan waktunya di dekat Ahn Na-Ra gadis manisyang menurutnya begitu aneh. Seiring berjalannya waktu, Tae Hyun menyadari bahwa Na-Ra memiliki sesuatu yang tidak dimiliki oleh orang lain. Gadis itu berbeda. Sinar matanya berbeda. Dia istimewa. Awalnya, Na-Ra menilai Tae-Hyun sebagai jenius yang sombong. Ia lebih memilih untuk jauh-jauh dari laki-laki itu. Namun seiring berjalannya waktu, Na-Ra mulai terbiasa dengan keberadaan Tae-Hyun di sisinya. Bahkan dalam hidupnya, Te-hyun menjadi satu-satunya Hal yang ingin ia pertahankan. Apakah cinta akan menunjukkan jalannya? Dengan sebuah ketulusan, apakah cinta juga akan menemukan kesejatiannya? Ketika takdir mulai memainkan perannya, apakah cinta juga akan mempersatukan mereka? 4aFiksi a0741614 a0741615